000 00309nam a2200133Ia 4500
005 20251222154313.0
008 251222s9999||||xx |||||||||||||| ||spa||
020 _a978-970-10-5695-0
082 _a572/H51
100 _a"Hicks Gómez, Juan José"
245 0 _aBioquémica
250 _a2a.ed.
942 _cLIB
999 _c33476
_d33476